Cómo acceder al mercado de valores y realizar una oferta pública / (Registro nro. 8091)

Detalles MARC
000 -LEADER
fixed length control field 00680nam a2200193Ia 4500
003 - CONTROL NUMBER IDENTIFIER
control field OSt
005 - DATE AND TIME OF LATEST TRANSACTION
control field 20210707122006.0
008 - FIXED-LENGTH DATA ELEMENTS--GENERAL INFORMATION
fixed length control field 210310s1994 ck gr 000 0 spa d
040 ## - CATALOGING SOURCE
Original cataloging agency CO-JMCR
Transcribing agency CO-JMCR
041 0# - LANGUAGE CODE
Language code of text/sound track or separate title spa
082 04 - DEWEY DECIMAL CLASSIFICATION NUMBER
Classification number 332.64 /
Item number S959c
Edition number 23
110 2# - MAIN ENTRY--CORPORATE NAME
Corporate name or jurisdiction name as entry element Colombia.
Subordinate unit Superintendencia de Valores
9 (RLIN) 5896
245 10 - TITLE STATEMENT
Title Cómo acceder al mercado de valores y realizar una oferta pública /
Statement of responsibility, etc. Superintendencia de Valores
260 ## - PUBLICATION, DISTRIBUTION, ETC.
Place of publication, distribution, etc. Bogotá :
Name of publisher, distributor, etc. Superintendencia de Valores,
Date of publication, distribution, etc. 1994
300 ## - PHYSICAL DESCRIPTION
Extent 3 volúmenes ;
Dimensions 27 cm.
505 0# - FORMATTED CONTENTS NOTE
Miscellaneous information V.1.
Title Aspectos legales
Miscellaneous information V.2.
Title Instructivos
Miscellaneous information V.3.
Title Prospectos
650 14 - SUBJECT ADDED ENTRY--TOPICAL TERM
Topical term or geographic name entry element Valores
9 (RLIN) 16307
General subdivision Legislación
Geographic subdivision Colombia
942 ## - ADDED ENTRY ELEMENTS (KOHA)
Source of classification or shelving scheme Dewey Decimal Classification
Koha item type Books
Existencias
Withdrawn status Lost status Source of classification or shelving scheme Damaged status Not for loan Collection code Home library Current library Date acquired Source of acquisition Full call number Barcode Date last seen Copy number Koha item type Total Checkouts Price effective from
    Dewey Decimal Classification     Non-fiction Biblioteca Pública José María del Castillo y Rada Biblioteca Pública José María del Castillo y Rada 04/15/2018 Donación 332.64 / S959c 430003172 05/16/2024 V.1 / Ej.1 Books    
    Dewey Decimal Classification     Non-fiction Biblioteca Pública José María del Castillo y Rada Biblioteca Pública José María del Castillo y Rada 04/15/2018 Donación 332.64 / S959c 430003171 05/16/2024 V.2 / Ej.1 Books   07/07/2021
    Dewey Decimal Classification     Non-fiction Biblioteca Pública José María del Castillo y Rada Biblioteca Pública José María del Castillo y Rada 04/15/2018 Donación 332.64 / S959c 430003170 05/16/2024 V.3 / Ej.1 Books   07/07/2021